000
00257nam a2200097Ia 4500
001
663063
005
20250826160205.0
008
250824s9999 xx 000 0 und d
245
0
_a
VENEDİK TACİRİ ANTİK
_c
SHAKESPEARE
260
_b
ANTİK DÜNYA KLASİKLERİ
999
_c
663063
_d
663063